Photo- Electricity and its application / (Record no. 182463)
[ view plain ]
| 000 -LEADER | |
|---|---|
| fixed length control field | 01279 a2200169 4500 |
| 003 - CONTROL NUMBER IDENTIFIER | |
| control field | Nust |
| 005 - DATE AND TIME OF LATEST TRANSACTION | |
| control field | 20221206101031.0 |
| 040 ## - CATALOGING SOURCE | |
| Transcribing agency | Nust |
| 082 ## - DEWEY DECIMAL CLASSIFICATION NUMBER | |
| Classification number | 621.381542,ZWO |
| 100 ## - MAIN ENTRY--PERSONAL NAME | |
| Personal name | Zworykin, V. K. |
| 9 (RLIN) | 104185 |
| 245 ## - TITLE STATEMENT | |
| Title | Photo- Electricity and its application / |
| Statement of responsibility, etc. | V. K. Zworykin and E. G. Ramberg |
| 260 ## - PUBLICATION, DISTRIBUTION, ETC. | |
| Place of publication, distribution, etc. | New York |
| Name of publisher, distributor, etc. | Wiley |
| Date of publication, distribution, etc. | 1956 |
| 300 ## - PHYSICAL DESCRIPTION | |
| Extent | 494 p. |
| 505 ## - FORMATTED CONTENTS NOTE | |
| Formatted contents note | Historical Introduction (Page-1), General Theory (Page-10), Photosensitive Surfaces (Page-37), Materials and Apparatus for Making Phototubes (Page-62), General Methods of Preparing Phototubes (Page-85), The Vacuum Phototube (Page-103), The Gas-Filled Phototube (Page-120), The Multiplier Phototube (Page-136), The Image Tube (Page-155), Photoconductive Cells (Page-175), Photovoltaic Cells (Page-196), Photocell Circuits and Amplification (Page-216), The Measurement of Small Photocurrents (Page-250), Photoelectric Measuring Devices (Page-269), Phototubes in Sound Reproduction (Page-323), Phototubes in Picture Transmission (Page-349), Photosensitive Camera Tubes in Television (Page-385), Light Beam Signaling and Infrared Detection (Page-407), Miscellaneous Applications of Photo-Electricity (Page-421), Photocells in the Future (Page-464). |
| 650 ## - SUBJECT ADDED ENTRY--TOPICAL TERM | |
| Topical term or geographic name entry element | Telecommunication Engineering. |
| 942 ## - ADDED ENTRY ELEMENTS (KOHA) | |
| Koha item type | Book |
| Source of classification or shelving scheme | |
| Withdrawn status | Lost status | Source of classification or shelving scheme | Damaged status | Not for loan | Permanent Location | Current Location | Shelving location | Date acquired | Total Checkouts | Full call number | Barcode | Date last seen | Price effective from | Koha item type | Public note |
|---|---|---|---|---|---|---|---|---|---|---|---|---|---|---|---|
| Military College of Signals (MCS) | Military College of Signals (MCS) | General Stacks | 12/06/2022 | 621.381542,ZWO | MCS5784 | 12/06/2022 | 12/06/2022 | Book | Almirah No.34, Shelf No.5 |
